000 00410nam a2200145 4500
001 123873
003 ES-MaACL
007 t|
008 070214s1960 sp r ||||1| spa d
100 1 _aRamírez de Arellano, Diana.
_995129
245 1 3 _aUn vuelo casi humano /
_cDiana Ramírez de Arellano.
260 _aMadrid :
_bRomo Arregui,
_c1960.
300 _a83 p. ;
_c25 cm.
852 _aES-MaACL
_jE-673
_bR.56556
999 _c123873
_d123873